Talk normal:stop the business speak,jargon and waffle (Record no. 190004)

MARC details
000 -LEADER
fixed length control field 00341nam a22001457a 4500
003 - CONTROL NUMBER IDENTIFIER
control field OSt
020 ## - INTERNATIONAL STANDARD BOOK NUMBER
International Standard Book Number 9780749463649
082 ## - DEWEY DECIMAL CLASSIFICATION NUMBER
Classification number 155.2
Item number PHI/TA
100 ## - MAIN ENTRY--PERSONAL NAME
Personal name Phillips , Tim
245 ## - TITLE STATEMENT
Title Talk normal:stop the business speak,jargon and waffle
250 ## - EDITION STATEMENT
Edition statement 1
260 ## - PUBLICATION, DISTRIBUTION, ETC. (IMPRINT)
Place of publication, distribution, etc. Newdelhi
Name of publisher, distributor, etc. Kogan page
Date of publication, distribution, etc. 2012
300 ## - PHYSICAL DESCRIPTION
Extent 117p.
942 ## - ADDED ENTRY ELEMENTS (KOHA)
Source of classification or shelving scheme Dewey Decimal Classification
Koha item type Books (General)
Holdings
Withdrawn status Lost status Source of classification or shelving scheme Damaged status Not for loan Collection code Home library Current library Shelving location Date acquired Cost, normal purchase price Total Checkouts Full call number Date last seen Price effective from Koha item type
    Dewey Decimal Classification     Malayalam College of Co-operation, Banking & Management Library, Vellanikkara College of Co-operation, Banking & Management Library, Vellanikkara   19/10/2017 350.00   155.2 PHI/TA 19/10/2017 19/10/2017 Books (General)
Kerala Agricultural University Central Library
Thrissur-(Dt.), Kerala Pin:- 680656, India
Ph : (+91)(487) 2372219
E-mail: librarian@kau.in
Website: http://library.kau.in/